000 00899nas a2200301 4500
001 BR9205875
003 BR-BrBNA
005 20231205094631.0
007 ta
008 230509b bl.|||p| |||| 00| 00por d
040 _aBR-BrBNA
_bpor
_cBiblioteca Nacional de Agricultura
041 _a(Pt)
072 _aK10; U10
100 1 _aCampos, J.C. de
100 1 _aAspiazu, C.
100 1 _aRibeiro, J.C.
100 1 _aCampos, J.C.C.
100 1 _aValente, O.F.
245 1 _aClassificacao de reflorestamentos, por genero e idade mediante interpretacao de imagens landsat
650 _aReflorestamento
650 _aPinheiro
650 _aEucalipto
650 _aAerofotogrametria
650 _aFotointerpretacao
773 0 _tRevista Arvore (Brazil)
_xISSN 0100-6762
_g(Jul-Dec 1985), v. 9(2) p. 101-114
_wBR9205875
909 _a202311
_bLúcia
_c55
_dLúcia Elande
942 _2AGRIS
_n0
_cANA
999 _c145789
_d145789